000 00270nam a22001337a 4500
008 210511b ||||| |||| 00| 0 eng d
041 _aeng
080 _a82
082 _a82
100 _a21
101 _aGJL
245 _aIn Memoriam
_cTennyson,L
942 _2udc
_cBK
999 _c57225
_d57225